00421 a2200133 4500010001400000020002300014035001300037037001500050082001000065245009500075260003500170270005900205300002300264 aENG-88120 a8186321829c350.00 aEN-71653 bDBAD / PUB14a631.31 aRevival of Indigenous technical knowhow in agriculture /cedited by R.P. Singh...[et. al.] aNew DelhibJain Brothersc2004 a16/873, East Park Road, Karol BaghbNew Delhie110 005 a270 p.c24 cm (Hb)